[Event "FRA-ch Blitz Online Qual"]
[Site "Europe Echecs INT"]
[Date "2020.05.16"]
[Round "12"]
[White "Billot, Daniel"]
[Black "Assouane, Aksel"]
[Result "1/2-1/2"]
[WhiteElo "1679"]
[BlackElo "1238"]
[PlyCount "38"]
[EventDate "2020.05.16"]
[EventType "swiss (blitz)"]
[EventRounds "15"]
[EventCountry "FRA"]
[SourceTitle "CBM 196 Extra"]
[Source "ChessBase"]
[SourceDate "2020.07.31"]
[SourceVersion "1"]
[SourceVersionDate "2020.07.31"]
[SourceQuality "1"]

1. e4 e5 2. d4 exd4 3. c3 dxc3 4. Bc4 cxb2 5. Bxb2 Be7 6. Bxg7 Bf6 7. Bxh8 Bxh8 8. Qh5 Qe7 9. Qxh7 Qb4+ 10. Nd2 Bxa1 11. Qxf7+ Kd8 12. Qxg8+ Ke7 13. Qf7+ Kd8 14. Ngf3 Bc3 15. 0-0 Nc6 16. Rb1 Qe7 17. Qg8+ Qe8 18. Qg5+ Qe7 19. Qg8+ Qe8 1/2-1/2

[Event "FRA-ch Blitz Online Qual"]
[Site "Europe Echecs INT"]
[Date "2020.05.16"]
[Round "4"]
[White "Flores, Victor"]
[Black "Assouane, Aksel"]
[Result "1-0"]
[WhiteElo "1741"]
[BlackElo "1238"]
[PlyCount "94"]
[EventDate "2020.05.16"]
[EventType "swiss (blitz)"]
[EventRounds "15"]
[EventCountry "FRA"]
[SourceTitle "CBM 196 Extra"]
[Source "ChessBase"]
[SourceDate "2020.07.31"]
[SourceVersion "1"]
[SourceVersionDate "2020.07.31"]
[SourceQuality "1"]

1. e4 e5 2. Nf3 Nc6 3. Bb5 d6 4. c3 Bd7 5. d4 a6 6. Bxc6 Bxc6 7. dxe5 dxe5 8. Nbd2 Bd6 9. Qc2 Ne7 10. 0-0 0-0 11. Rd1 Ng6 12. Nc4 Qe7 13. Nxd6 cxd6 14. Be3 Nf4 15. Bxf4 exf4 16. Nd2 Qg5 17. f3 Rfd8 18. c4 Rac8 19. Qb3 b5 20. Rac1 h6 21. Kh1 Rb8 22. Qc3 Rbc8 23. Qa5 bxc4 24. Nxc4 Bb5 25. Nxd6 Rxd6 26. Rxc8+ Kh7 27. Rxd6 Qe5 28. Rd2 Qe6 29. Rc1 Qg6 30. a4 Be8 31. Qf5 Qxf5 32. exf5 Bxa4 33. Ra1 Bb5 34. Rd4 g5 35. fxg6+ fxg6 36. Rxf4 Kg7 37. h4 g5 38. Rg4 Kf6 39. hxg5+ hxg5 40. f4 gxf4 41. Rxf4+ Ke5 42. Rh4 Kf5 43. Rh5+ Kg6 44. Rxb5 axb5 45. Ra5 Kf5 46. Rxb5+ Kf4 47. Rc5 Ke3 1-0

[Event "FRA-ch Blitz Online Qual"]
[Site "Europe Echecs INT"]
[Date "2020.05.16"]
[Round "2"]
[White "Lamaze, Simon"]
[Black "Assouane, Aksel"]
[Result "1-0"]
[WhiteElo "2185"]
[BlackElo "1238"]
[PlyCount "125"]
[EventDate "2020.05.16"]
[EventType "swiss (blitz)"]
[EventRounds "15"]
[EventCountry "FRA"]
[SourceTitle "CBM 196 Extra"]
[Source "ChessBase"]
[SourceDate "2020.07.31"]
[SourceVersion "1"]
[SourceVersionDate "2020.07.31"]
[SourceQuality "1"]

1. d4 Nf6 2. Nf3 g6 3. g3 Bg7 4. Bg2 d5 5. 0-0 c6 6. c3 Bf5 7. Re1 0-0 8. Nbd2 Re8 9. Nh4 Bc8 10. e4 dxe4 11. Nxe4 Nxe4 12. Bxe4 Nd7 13. f4 Nf6 14. Bg2 Be6 15. Nf3 Bd5 16. Ne5 Bxg2 17. Kxg2 Nd7 18. Qf3 Nxe5 19. fxe5 e6 20. h4 Qd5 21. Qxd5 cxd5 22. h5 Bf8 23. Bg5 Be7 24. Bf6 Rac8 25. g4 g5 26. Re3 h6 27. Rf1 Rc6 28. Rf2 Ra6 29. a3 Rb6 30. Kf1 Bxf6 31. exf6 Rc8 32. Ke1 Kf8 33. Kd1 Ke8 34. Kc2 Kd7 35. b4 a5 36. Kb3 axb4 37. cxb4 Ra8 38. Rc3 Rba6 39. Kb2 Rc6 40. Rfc2 Rac8 41. Rxc6 Rxc6 42. Rxc6 Kxc6 43. a4 Kd6 44. b5 e5 45. dxe5+ Kxe5 46. a5 Kd6 47. a6 bxa6 48. bxa6 Kc7 49. Kc3 Kb6 50. Kd4 Kxa6 51. Kxd5 Kb5 52. Kd6 Kc4 53. Ke7 Kd4 54. Kxf7 Ke4 55. Kg6 Kf4 56. f7 Kxg4 57. f8Q Kh4 58. Kxh6 g4 59. Qf4 Kh3 60. Kg5 g3 61. Qg4+ Kh2 62. Qxg3+ Kxg3 63. h6 1-0

[Event "FRA-ch Blitz Online Qual"]
[Site "Europe Echecs INT"]
[Date "2020.05.16"]
[Round "14"]
[White "Ratsavong, Moukda"]
[Black "Assouane, Aksel"]
[Result "1-0"]
[WhiteElo "1789"]
[BlackElo "1238"]
[PlyCount "37"]
[EventDate "2020.05.16"]
[EventType "swiss (blitz)"]
[EventRounds "15"]
[EventCountry "FRA"]
[SourceTitle "CBM 196 Extra"]
[Source "ChessBase"]
[SourceDate "2020.07.31"]
[SourceVersion "1"]
[SourceVersionDate "2020.07.31"]
[SourceQuality "1"]

1. e4 e5 2. Nf3 Nc6 3. Nc3 Bc5 4. Nxe5 Nxe5 5. d4 Bxd4 6. Qxd4 f6 7. Bf4 Nc6 8. Qd2 Nge7 9. Bc4 Ng6 10. Qd5 Qe7 11. Bxc7 Nb4 12. Qd2 d5 13. Bb5+ Kf8 14. Bg3 dxe4 15. Bd6 e3 16. Bxe7+ Kxe7 17. Qxe3+ Kf7 18. Bc4+ Kf8 19. Qc5+ 1-0